Methods of research in business education / (Record no. 2343)

MARC details
000 -LEADER
fixed length control field 00610nam a22001817a 4500
005 - DATE AND TIME OF LATEST TRANSACTION
control field 20250109074939.0
008 - FIXED-LENGTH DATA ELEMENTS--GENERAL INFORMATION
fixed length control field 250109b |||||||| |||| 00| 0 eng d
020 ## - INTERNATIONAL STANDARD BOOK NUMBER
International Standard Book Number 978-621-427-140-5
082 ## - DEWEY DECIMAL CLASSIFICATION NUMBER
Classification number Fil. 650.0721 F634 2023
100 ## - MAIN ENTRY--PERSONAL NAME
Personal name Flores, Marivic F.
245 ## - TITLE STATEMENT
Title Methods of research in business education /
Statement of responsibility, etc. Marivic Francisco Flores
250 ## - EDITION STATEMENT
Edition statement 2nd ed.
260 ## - PUBLICATION, DISTRIBUTION, ETC.
Place of publication, distribution, etc. Manila:
Name of publisher, distributor, etc. Unlimited Books Library Services and Publishing,
Date of publication, distribution, etc. c2023
300 ## - PHYSICAL DESCRIPTION
Extent viii, 232p.
504 ## - BIBLIOGRAPHY, ETC. NOTE
Bibliography, etc. note Includes bibliographies
541 ## - IMMEDIATE SOURCE OF ACQUISITION NOTE
Accession number 7659 c.1, 7660 c.2, 7661 c.3
650 ## - SUBJECT ADDED ENTRY--TOPICAL TERM
Topical term or geographic name entry element Business education - Research - Methodology
Holdings
Withdrawn status Lost status Source of classification or shelving scheme Damaged status Not for loan Home library Current library Date acquired Total Checkouts Full call number Barcode Date last seen Copy number Price effective from Koha item type
    Dewey Decimal Classification     ctu-moalboal ctu-moalboal 01/12/2024   Fil. 650.0721 7659 01/09/2025 1 01/09/2025 Books-Filipiniana
    Dewey Decimal Classification     ctu-moalboal ctu-moalboal 01/12/2024   Fil. 650.0721 7660 01/09/2025 2 01/09/2025 Books-Filipiniana
    Dewey Decimal Classification     ctu-moalboal ctu-moalboal 01/12/2024   Fil. 650.0721 7661 01/09/2025 3 01/09/2025 Books-Filipiniana